Представление документа в формате RUSMARC

Поле Инд. ПП Название Значение
Тип записи a
Библиографический уровень a
001 Контрольный номер e1943d6ab49f4f7db3356468703e95f2
005 Дата корректировки 20181120134529.0
100 a Данные общей обработки 20180605 ||| 0rusy0189 ca
101 0_ a Язык текста rus
102 a Страна публикации RU
200 1_ f Первые сведения об ответственности Е.П. Ермакова
a Заглавие Реформа гражданского судопроизводства Англии 2014 - 2017 гг.
210 d Дата издания 2018
461 _0 1 2000
a Арбитражный и гражданский процесс
463 _0 1 2000
a №3
v С. 48-53
1 2101
d 2018
1 001917e36f2911e4c38ab6abd01ac5e31f9
606 a Основная рубрика Международное право. Право отдельных стран
610 0_ a Ключевые слова ГРАЖДАНСКИЙ ПРОЦЕСС
700 _1 a Фамилия Ермакова
b Имя Е.П.
801 _0 a Страна RU
b Организация РГУП
c Дата составления 20180605
g Правила каталогизации PSBO
801 _1 a Страна RU
b Организация РГУП
c Дата составления 20180605
g Правила каталогизации PSBO
901 t Тип документа b
w Контрольный № источника 917e36f2911e4c38ab6abd01ac5e31f9
905 a Дата ввода 20180605